Long-run effects of commodity prices on the real exchange rate (Registro nro. 24892)
[ vista simple ]
| 000 -LEADER | |
|---|---|
| fixed length control field | 00382 a2200121 4500 |
| 001 - CONTROL NUMBER | |
| control field | ART_44826 |
| 005 - DATE AND TIME OF LATEST TRANSACTION | |
| control field | 20260410161850.0 |
| 008 - FIXED-LENGTH DATA ELEMENTS--GENERAL INFORMATION | |
| fixed length control field | 260409a |
| 100 1# - MAIN ENTRY--PERSONAL NAME | |
| Personal name | Ahumada, Hildegart |
| 245 10 - TITLE STATEMENT | |
| Title | Long-run effects of commodity prices on the real exchange rate |
| 700 1# - ADDED ENTRY--PERSONAL NAME | |
| Personal name | Cornejo, Magdalena |
| 773 0# - HOST ITEM ENTRY | |
| Title | Económica |
| Related parts | - Año LXI, Nº 1/2 (ene./dic. 2015) |
| Record control number | REV7541 |
No hay ítems disponibles.